| 000 | 00712nam a2200241 u 4500 | ||
|---|---|---|---|
| 005 | 20240228063750.0 | ||
| 008 | 181019s2006 mx r 000 0 spa d | ||
| 020 | _a9789684942110 | ||
| 035 | _aUPN01000227395 | ||
| 040 |
_aUPN _bspa _cUPN |
||
| 049 | _aI | ||
| 050 | 4 |
_aPZ74.3 _bN8.9 |
|
| 100 | 1 |
_aNúñez, Alonso, _d1969- _940432 |
|
| 245 | 1 | 0 |
_aY la luna siempre es una / _cAlonso Núñez ; il. Antonio Castellanos Basich. |
| 260 |
_aMéxico : _bCIDCLI, _c2006. |
||
| 300 |
_a[16] p. : _bil. |
||
| 650 | 4 |
_aRimas infantiles _910247 |
|
| 650 | 4 |
_aLUNA - _vLITERATURA INFANTIL _923928 |
|
| 650 | 7 |
_aLibros ilustrados para niños _921365 |
|
| 905 | _aInfantil | ||
| 942 |
_2lcc _cLIBRO |
||
| 999 |
_c199490 _d199490 |
||